| 000 | 01375nam a2200409 c 4500 | ||
|---|---|---|---|
| 999 |
_c50999 _d50999 |
||
| 003 | BLK | ||
| 005 | 20250119004104.0 | ||
| 008 | 180408b bul|||||r ||||||| ||bul|| | ||
| 010 | _aKNG00054895000 | ||
| 020 | _a954-9548-85-6 | ||
| 040 | _aBLK | ||
| 041 |
_aBUL _cBUL |
||
| 072 | 7 |
_2bullib _aЯ _xАвтографи |
|
| 080 |
_aКраезнание _b908 _x(497.215) _z908(497.215) |
||
| 080 |
_aИстория на България _b94(497.2) _z94(497.2) |
||
| 100 | 1 |
_aИванов, Иван Николов _eпърви автор _9365827 |
|
| 139 |
_aИванов, Иван Николов _bИ 21 |
||
| 245 | 1 | 0 |
_aСилуети във времето _bИст. очерци за Русе и Русенския край _cИван Николов Иванов. |
| 257 | _aBGR | ||
| 260 |
_bАвангард принт _c2005 |
||
| 300 |
_a191 с. _bс ил., портр., факс. _c24 см |
||
| 380 | _a9 | ||
| 650 | 0 |
_aБългария - история _9244493 |
|
| 650 | 4 |
_aРусе - история _9242626 |
|
| 653 | _aРусе | ||
| 653 | _aистория | ||
| 659 | _aЯ | ||
| 852 | _aЦб 224448 | ||
| 852 | _aК 94(497.2)/И 21 И | ||
| 856 | 4 | _qpdf | |
| 856 | 4 | _qpdf | |
| 942 |
_cKNG _n0 _02 _s1 |
||
| 944 |
_aCR _c11.08.2005 _k _lCRON CRON |
||
| 944 |
_aED _c02.11.2012 |
||
| 999 | _d50999 | ||
| 999 | _d50999 | ||